| 000 | 00352nam a2200133Ia 4500 | ||
|---|---|---|---|
| 008 | 210210b1974 xxu||||| |||| 00| 0 eng d | ||
| 082 | _a307.76 BANU | ||
| 100 | _aBANFIELD (Edward C). | ||
| 245 | _aUnheavenly city revisited. | ||
| 260 |
_aBoston. _bLittle Brown And Company., _c1974 |
||
| 300 | _axii,358 | ||
| 690 | _aUrban Sociology | ||
| 906 | _a041809 | ||
| 999 |
_c91488 _d91488 |
||